African Flags in Pan-African Colors - Statistics

General Stats
  • This quiz has been taken 140 times
    135 since last reset
  • The average score is 15 of 17
Answer Stats
Picture Answer % Correct
Ethiopia
97%
Kenya
96%
South Africa
95%
Ghana
93%
Benin
91%
Togo
91%
Central African Republic
90%
Guinea
90%
Zimbabwe
90%
Cameroon
89%
Mali
89%
Senegal
89%
Burkina Faso
86%
Guinea-Bissau
86%
Republic of the Congo
86%
South Sudan
86%
São Tomé and Príncipe
85%
No matching quizzes found
Score Distribution
Percent of People with Each Score
Percentile by Number Answered
Your Score History
You have not taken this quiz since the last reset